[Event "Mistrzostwa Malopolski A"]
[Site "Krakow, Hotel Europejski"]
[Date "2013.??.??"]
[Round "1.1"]
[White "Jakubiec, Artur"]
[Black "Gawronski, Lukasz"]
[Result "1-0"]
[WhiteElo "2531"]
[BlackElo "2063"]
[PlyCount "85"]
[EventDate "2013.??.??"]

1. g3 Nf6 2. Bg2 d5 3. f4 g6 4. Nf3 Bg7 5. O-O O-O 6. d3 c5 7. c3 Nc6 8. Na3
Qb6 9. Kh1 Rd8 10. Qe1 d4 11. Nc4 Qa6 12. Nce5 Be6 13. Nxc6 bxc6 14. c4 Qc8 15.
Qa5 Bh3 16. Qxc5 Bxg2+ 17. Kxg2 Ng4 18. h3 Ne3+ 19. Bxe3 dxe3 20. Rab1 Qa6 21.
a3 Qb6 22. Qxb6 axb6 23. Ne5 Bxe5 24. fxe5 Ra5 25. b4 Rxe5 26. a4 Ra8 27. Ra1
c5 28. a5 bxa5 29. Rxa5 Rb8 30. b5 f6 31. Rb1 Re6 32. Rba1 Kf7 33. Ra8 Rb7 34.
R1a7 Rbb6 35. Ra6 Rb7 36. Rxe6 Kxe6 37. Kf3 h5 38. Kxe3 Kd7 39. Ra6 e6 40. Ra8
Kd6 41. Rd8+ Ke5 42. Rc8 Kd6 43. Rc6+ 1-0

[Event "Mistrzostwa Malopolski A"]
[Site "Krakow, Hotel Europejski"]
[Date "2013.??.??"]
[Round "1.4"]
[White "Gora, Jan"]
[Black "Barski, Radoslaw"]
[Result "1-0"]
[WhiteElo "1958"]
[BlackElo "2238"]
[PlyCount "65"]
[EventDate "2013.??.??"]

1. e4 c5 2. Nf3 e6 3. d4 cxd4 4. Nxd4 Nc6 5. Nb5 d6 6. c4 Nf6 7. N5c3 Be7 8.
Be2 O-O 9. Be3 b6 10. O-O Bb7 11. Nd2 Rc8 12. f4 d5 13. cxd5 exd5 14. exd5 Nxd5
15. Nxd5 Qxd5 16. Bf3 Qd3 17. Qb3 Rfd8 18. Be4 Qd7 19. Qb5 Qe8 20. Rae1 Qf8 21.
Nf3 Rc7 22. Rc1 Rdc8 23. Qd3 Nb4 24. Bxh7+ Kh8 25. Qf5 Rxc1 26. Bxc1 g6 27. Qh3
Kg7 28. f5 Rxc1 29. Rxc1 Nd5 30. fxg6 fxg6 31. Bxg6 Kxg6 32. Ne5+ Kg7 33. Qg4+
1-0

[Event "Mistrzostwa Malopolski A"]
[Site "Krakow, Hotel Europejski"]
[Date "2013.??.??"]
[Round "1.5"]
[White "Tyukhanov, Alexey"]
[Black "Chmiel, Marcin"]
[Result "1-0"]
[WhiteElo "2237"]
[BlackElo "1956"]
[PlyCount "64"]
[EventDate "2013.??.??"]

1. e4 c5 2. Nf3 d6 3. d4 cxd4 4. Nxd4 Nf6 5. Nc3 a6 6. Bg5 e6 7. f4 h6 8. Bxf6
Qxf6 9. Qd2 g5 10. f5 Nc6 11. Nb3 Bd7 12. Bd3 Qe5 13. O-O g4 14. Qf2 h5 15. Ne2
Bh6 16. Nf4 Qxf4 17. Qxf4 Bxf4 18. Rxf4 Rc8 19. c3 Ne5 20. Rd1 Ba4 21. Be2 Ke7
22. Rdf1 Bxb3 23. axb3 Rh6 24. g3 Rg8 25. Kg2 h4 26. Rh1 Rg5 27. fxe6 fxe6 28.
b4 Rg8 29. b5 axb5 30. Ra1 hxg3 31. hxg3 Rgh8 32. Ra7 Nd7 1-0

[Event "Mistrzostwa Malopolski A"]
[Site "Krakow, Hotel Europejski"]
[Date "2013.??.??"]
[Round "1.6"]
[White "Knapik, Andrzej"]
[Black "Jakubiec, Edyta"]
[Result "0-1"]
[WhiteElo "1930"]
[BlackElo "2237"]
[PlyCount "76"]
[EventDate "2013.??.??"]

1. e4 c5 2. Nf3 d6 3. d4 cxd4 4. Nxd4 Nf6 5. Nc3 a6 6. Bg5 e6 7. f4 h6 8. Bxf6
Qxf6 9. Qd2 g5 10. f5 Nc6 11. Nb3 Bd7 12. Bd3 Qe5 13. O-O g4 14. Qf2 h5 15. Ne2
Bh6 16. Nf4 Bxf4 17. Qxf4 Qxf4 18. Rxf4 Rc8 19. c3 Ne5 20. Rd1 Ba4 21. Be2 Ke7
22. Rdf1 Bxb3 23. axb3 Rh6 24. g3 Rg8 25. Kg2 h4 26. Rh1 Rg5 27. fxe6 fxe6 28.
b4 Rg8 29. b5 axb5 30. Ra1 hxg3 31. hxg3 Rgh8 32. Ra7 Kd7 33. Rxb7+ Kc6 34. Ra7
Rh2+ 35. Kf1 Rh1+ 36. Kf2 R8h2+ 37. Ke3 Re1 38. Ra6+ Kc7 0-1

[Event "Mistrzostwa Malopolski A"]
[Site "Krakow, Hotel Europejski"]
[Date "2013.??.??"]
[Round "1.7"]
[White "Gbyl, Andrzej"]
[Black "Knapik, Lucjan"]
[Result "0-1"]
[WhiteElo "2225"]
[BlackElo "1889"]
[PlyCount "120"]
[EventDate "2013.??.??"]

1. d4 d5 2. c4 e6 3. Nc3 c6 4. Nf3 Nf6 5. Bg5 Be7 6. e3 O-O 7. Rc1 Nbd7 8. cxd5
exd5 9. Bd3 h6 10. Bf4 Nh5 11. Be5 g6 12. Bg3 f5 13. Ne5 Nxg3 14. hxg3 Nxe5 15.
dxe5 Kg7 16. Ne2 Qe8 17. a3 Bg5 18. f4 Be7 19. Nd4 c5 20. Nf3 Be6 21. Kf2 b6
22. Qd2 Qd7 23. Rcd1 Qc7 24. Bb1 Qc6 25. Qc2 Qe8 26. Ba2 Rd8 27. Rd2 Rd7 28.
Rhd1 Qf7 29. Bc4 Rfd8 30. Bb5 Rc7 31. Ng1 Kh7 32. Ne2 h5 33. Rh1 Kg7 34. Qd1
Kh6 35. Qc1 Kg7 36. Rhd1 Kh7 37. Qc3 Bf8 38. Rc1 Ra8 39. Rdc2 Rd8 40. Nd4 Rdc8
41. Nf3 Be7 42. Qd2 Kg7 43. a4 a5 44. b3 Bd8 45. Ba6 Ra8 46. Qe2 Rca7 47. Bb5
Rc7 48. Rd2 Be7 49. Nd4 Rac8 50. Nf3 Ra8 51. Qd1 Rac8 52. Ba6 Ra8 53. Be2 Rac8
54. Rdc2 Bd8 55. Rc3 Be7 56. Nd4 Bf8 57. Bf3 cxd4 58. Qxd4 Rxc3 59. Rxc3 Rxc3
60. Qxc3 Qd7 0-1

[Event "Mistrzostwa Malopolski A"]
[Site "Krakow, Hotel Europejski"]
[Date "2013.??.??"]
[Round "1.8"]
[White "Kyc, Jerzy"]
[Black "Shilov, Sergej"]
[Result "0-1"]
[WhiteElo "1880"]
[BlackElo "2217"]
[PlyCount "120"]
[EventDate "2013.??.??"]

1. e4 e5 2. Nf3 Nc6 3. Bb5 a6 4. Ba4 Nf6 5. d3 b5 6. Bb3 Be7 7. O-O O-O 8. Nbd2
d6 9. c3 Na5 10. Bc2 c5 11. Re1 Re8 12. Nf1 Bf8 13. Bg5 h6 14. Bh4 g6 15. Ne3
Bg7 16. Qd2 g5 17. Nxg5 hxg5 18. Bxg5 Be6 19. Nd5 Bxd5 20. exd5 Qd7 21. c4 Nb7
22. Re3 Nh7 23. Rg3 f5 24. Bh6 f4 25. Rh3 Bxh6 26. Rxh6 Qg7 27. Rh4 Qg5 28. g3
Re7 29. Qe2 Rg7 30. Kh1 Rf8 31. cxb5 axb5 32. d4 cxd4 33. Bxh7+ Kf7 34. Qxb5
Kf6 35. Qe2 Rh8 36. Rxf4+ Ke7 37. Rf5 Qh6 38. Rh5 Qf6 39. Rc1 Nc5 40. Rxc5 dxc5
41. Rxe5+ Kd8 42. Re6 Re7 43. Bd3 Qg5 44. Bc4 Reh7 45. Rd6+ Kc7 46. Rc6+ Kb7
47. Ba6+ Ka7 48. Kg1 Qc1+ 49. Kg2 Rxh2+ 50. Kf3 Qh1+ 51. Kf4 Rxf2+ 52. Qxf2
Rf8+ 53. Ke5 Rxf2 54. Bc4 Qh8+ 55. Ke4 Qh7+ 56. Ke5 Qg7+ 57. Kd6 Qf8+ 58. Ke5
Rf5+ 59. Ke4 Rf3 60. d6 Qe8+ 0-1

[Event "Mistrzostwa Malopolski A"]
[Site "Krakow, Hotel Europejski"]
[Date "2013.??.??"]
[Round "1.9"]
[White "Szuper, Paul"]
[Black "Blasiak, Miroslaw"]
[Result "1-0"]
[WhiteElo "2188"]
[BlackElo "1879"]
[PlyCount "67"]
[EventDate "2013.??.??"]

1. d4 d5 2. c4 e6 3. Nf3 Nf6 4. g3 c5 5. Bg2 Nc6 6. O-O Be7 7. Nc3 O-O 8. cxd5
exd5 9. dxc5 Bxc5 10. Na4 Be7 11. Be3 Bg4 12. Rc1 Re8 13. h3 Bh5 14. Qd3 Qa5
15. Nc3 Rad8 16. Nd4 Nxd4 17. Bxd4 Bg6 18. Qb5 Qxb5 19. Nxb5 a6 20. Nc7 Rf8 21.
Rfd1 Rd7 22. Be5 Rfd8 23. Rc3 Ne4 24. Rcd3 Bc5 25. e3 f6 26. Bf4 Nxf2 27. Kxf2
Bxd3 28. Rxd3 g5 29. Ne6 gxf4 30. Nxc5 fxg3+ 31. Kxg3 Rd6 32. Nxb7 R8d7 33.
Nxd6 Rxd6 34. Rxd5 1-0

[Event "Mistrzostwa Malopolski A"]
[Site "Krakow, Hotel Europejski"]
[Date "2013.??.??"]
[Round "1.10"]
[White "Zaboklicki, Zbigniew"]
[Black "Mucha, Roman"]
[Result "1/2-1/2"]
[WhiteElo "1835"]
[BlackElo "2177"]
[PlyCount "92"]
[EventDate "2013.??.??"]

1. d4 Nf6 2. c4 c5 3. d5 e6 4. Nc3 exd5 5. cxd5 d6 6. Nf3 g6 7. e4 Bg7 8. Be2
O-O 9. O-O Na6 10. Nd2 Nc7 11. a4 Re8 12. Bf3 b6 13. Re1 Nd7 14. Nc4 Ne5 15.
Nxe5 Bxe5 16. g3 f5 17. exf5 Bxf5 18. Bg2 Qf6 19. Bd2 Bd4 20. Qf3 a6 21. h3
Rxe1+ 22. Rxe1 Re8 23. Rxe8+ Nxe8 24. Bf4 Qe7 25. Bf1 Nc7 26. Qe2 Kf7 27. Qd2
Kf8 28. Qe2 Qd7 29. Bg2 b5 30. axb5 axb5 31. Bf3 c4 32. Qd2 Bd3 33. Ne2 Bc5 34.
Nc1 Bf5 35. b3 Qg7 36. bxc4 bxc4 37. Ne2 Nb5 38. Qa5 Qd7 39. Qa8+ Qc8 40. Qxc8+
Bxc8 41. Bd2 Bb7 42. Kf1 Nc7 43. Nf4 Bd4 44. Ba5 c3 45. Be4 Ne8 46. Ne2 Nf6
1/2-1/2

[Event "Mistrzostwa Malopolski A"]
[Site "Krakow, Hotel Europejski"]
[Date "2013.??.??"]
[Round "1.11"]
[White "Foglia, Maurizio"]
[Black "Molenda, Marcin"]
[Result "0-1"]
[WhiteElo "2144"]
[BlackElo "1823"]
[PlyCount "106"]
[EventDate "2013.??.??"]

1. c4 c5 2. g3 g6 3. Bg2 Nc6 4. Nf3 Bg7 5. Nc3 h5 6. h4 Nh6 7. d3 Nf5 8. Bd2
O-O 9. O-O a6 10. Qc1 Rb8 11. Ne4 d6 12. Bc3 Bh6 13. Qd1 b5 14. b3 Bb7 15. e3
b4 16. Bb2 e5 17. Qe2 Ng7 18. Rad1 Ne6 19. d4 f5 20. Neg5 Bxg5 21. hxg5 e4 22.
Nh4 cxd4 23. Nxg6 Rf7 24. exd4 Qxg5 25. d5 Qxg6 26. dxe6 Qxe6 27. Qxh5 Rh7 28.
Qg5+ Kf7 29. Qf4 Rd8 30. Rfe1 Ne7 31. f3 Ng6 32. Qg5 Rg8 33. fxe4 Nh4 34. Qf4
Nxg2 35. Kxg2 Bxe4+ 36. Rxe4 Qxe4+ 37. Qxe4 fxe4 38. Rxd6 Re8 39. Bc1 Re6 40.
Rd1 Kg6 41. Be3 Rf7 42. Bf4 a5 43. c5 Rf5 44. Rc1 Rc6 45. Be3 Rf3 46. Re1 Kf5
47. Bf2 Rc3 48. Re2 Re6 49. Be3 Kg4 50. Kf2 Rf6+ 51. Kg2 Rf3 52. Bf4 e3 53. Bd6
Rc1 0-1

[Event "Mistrzostwa Malopolski A"]
[Site "Krakow, Hotel Europejski"]
[Date "2013.??.??"]
[Round "1.12"]
[White "Zadlo, Maciej"]
[Black "Kumor, Lukasz"]
[Result "0-1"]
[WhiteElo "1814"]
[BlackElo "2120"]
[PlyCount "64"]
[EventDate "2013.??.??"]

1. e4 e6 2. Nf3 d5 3. Nc3 Nf6 4. e5 Nfd7 5. d4 c5 6. dxc5 Nc6 7. Bf4 Bxc5 8.
Bd3 f6 9. exf6 Nxf6 10. O-O O-O 11. Ne5 Ne4 12. Bxe4 Rxf4 13. Nd3 Bxf2+ 14.
Rxf2 Rxf2 15. Bxh7+ Kxh7 16. Qh5+ Kg8 17. Nxf2 Bd7 18. Rd1 Be8 19. Qg4 Qf6 20.
Nd3 Bg6 21. Rf1 Qd4+ 22. Qxd4 Nxd4 23. Rf4 Nxc2 24. Ne5 Be8 25. Kf2 Rd8 26. Ke2
d4 27. Ne4 Rd5 28. Nf3 Bh5 29. g4 Bg6 30. Nh4 Bh7 31. g5 e5 32. Rg4 Ne3 0-1

[Event "Mistrzostwa Malopolski A"]
[Site "Krakow, Hotel Europejski"]
[Date "2013.??.??"]
[Round "1.13"]
[White "Watorek, Marcin"]
[Black "Ociepka, Tomasz"]
[Result "1/2-1/2"]
[WhiteElo "2109"]
[BlackElo "1812"]
[PlyCount "72"]
[EventDate "2013.??.??"]

1. d4 Nf6 2. Nf3 c5 3. d5 g6 4. c4 Bg7 5. Nc3 d6 6. e4 O-O 7. Be2 e6 8. O-O
exd5 9. cxd5 Re8 10. Nd2 b6 11. Qc2 Na6 12. Bb5 Nb4 13. Qb3 Bd7 14. a3 Bxb5 15.
Nxb5 a6 16. Nxd6 Qxd6 17. Nc4 Qe7 18. axb4 Nxe4 19. b5 Bd4 20. Be3 Bxe3 21.
fxe3 axb5 22. Rxa8 Rxa8 23. Qxb5 Rd8 24. Nxb6 Nf6 25. Qd3 Qe5 26. Nc4 Qe4 27.
Qxe4 Nxe4 28. Rd1 f5 29. Kf1 Nf6 30. d6 Kf7 31. Ra1 Ke6 32. Ke2 Ne4 33. Ra5 Kd5
34. Kd3 Nxd6 35. Nxd6 Rxd6 36. Ra7 h5 1/2-1/2

[Event "Mistrzostwa Malopolski A"]
[Site "Krakow, Hotel Europejski"]
[Date "2013.??.??"]
[Round "1.14"]
[White "Kasperek, Krzysztof"]
[Black "Betkowski, Andrzej"]
[Result "0-1"]
[WhiteElo "1810"]
[BlackElo "2088"]
[PlyCount "56"]
[EventDate "2013.??.??"]

1. c4 f5 2. Nc3 Nf6 3. g3 g6 4. Bg2 Bg7 5. Nf3 d6 6. d4 O-O 7. O-O Nc6 8. b3 e5
9. dxe5 dxe5 10. Ba3 Re8 11. Qxd8 Rxd8 12. Rad1 e4 13. Rxd8+ Nxd8 14. Rd1 Ne6
15. Ne1 Ng4 16. Nd5 Kf7 17. h3 Ne5 18. f3 c6 19. Nf4 exf3 20. Bxf3 a5 21. Bg2
a4 22. Nc2 Bf6 23. Bb4 axb3 24. axb3 Ra2 25. Rd2 Rb2 26. Nxe6 Bxe6 27. Nd4 Nxc4
28. Rxb2 Bxd4+ 0-1

[Event "Mistrzostwa Malopolski A"]
[Site "Krakow, Hotel Europejski"]
[Date "2013.??.??"]
[Round "1.15"]
[White "Bus, Konrad"]
[Black "Klementys, Jerzy"]
[Result "1-0"]
[WhiteElo "2077"]
[BlackElo "1800"]
[PlyCount "63"]
[EventDate "2013.??.??"]

1. Nf3 Nf6 2. c4 g6 3. Nc3 Bg7 4. g3 O-O 5. Bg2 c5 6. O-O Nc6 7. d3 d6 8. a3 a6
9. Rb1 Rb8 10. b4 cxb4 11. axb4 b5 12. cxb5 axb5 13. Bd2 d5 14. Bf4 Rb6 15. Ne5
Nxe5 16. Bxe5 d4 17. Bxf6 exf6 18. Ne4 f5 19. Nc5 Bh6 20. Ra1 Re8 21. Ra7 Rb8
22. Qb3 Re7 23. Rfa1 Be6 24. Nxe6 fxe6 25. Rxe7 Qxe7 26. Ra6 Kh8 27. Rxe6 Qc7
28. Rc6 Qe7 29. Bf3 Bf8 30. Qd5 Qxb4 31. Qe5+ Bg7 32. Qxb8+ 1-0

[Event "Mistrzostwa Malopolski A"]
[Site "Krakow, Hotel Europejski"]
[Date "2013.??.??"]
[Round "2.1"]
[White "Kumor, Lukasz"]
[Black "Jakubiec, Artur"]
[Result "1-0"]
[WhiteElo "2120"]
[BlackElo "2531"]
[PlyCount "81"]
[EventDate "2013.??.??"]

1. e4 c5 2. Nf3 e6 3. d4 cxd4 4. Nxd4 a6 5. Bd3 Bc5 6. Nb3 Be7 7. O-O d6 8. Qg4
g6 9. Nc3 Nc6 10. f4 b5 11. Be3 Nf6 12. Qg3 b4 13. Na4 Rb8 14. h3 O-O 15. Qf2
Nd7 16. Nd4 Bb7 17. Nf3 Ba8 18. Ng5 Kg7 19. Qg3 Nf6 20. Rae1 e5 21. f5 Nh5 22.
Qg4 Nf4 23. h4 Bf6 24. Kh2 Ne7 25. g3 Nh5 26. Rf2 Bc6 27. b3 Bxa4 28. bxa4 Qc8
29. Qe2 a5 30. Bc4 Qc6 31. Ref1 Ng8 32. fxg6 hxg6 33. Bd5 Qd7 34. Qd2 Rfc8 35.
Bb3 Rc3 36. Rf3 Qc6 37. Qe2 Nh6 38. Bd2 Rxf3 39. Qxf3 Qd7 40. Kg2 Bd8 41. Ne6+
1-0

[Event "Mistrzostwa Malopolski A"]
[Site "Krakow, Hotel Europejski"]
[Date "2013.??.??"]
[Round "2.2"]
[White "Mikrut, Dariusz"]
[Black "Bus, Konrad"]
[Result "1/2-1/2"]
[WhiteElo "2361"]
[BlackElo "2077"]
[PlyCount "32"]
[EventDate "2013.??.??"]

1. d4 d5 2. Nf3 Nf6 3. g3 g6 4. Bg2 Bg7 5. c4 c6 6. cxd5 cxd5 7. Nc3 O-O 8. O-O
Ne4 9. Qb3 Nxc3 10. bxc3 Nc6 11. Nd2 e6 12. e4 Na5 13. Qc2 b6 14. exd5 exd5 15.
Ba3 Re8 16. Rfe1 Be6 1/2-1/2

[Event "Mistrzostwa Malopolski A"]
[Site "Krakow, Hotel Europejski"]
[Date "2013.??.??"]
[Round "2.3"]
[White "Betkowski, Andrzej"]
[Black "Tokarski, Lukasz"]
[Result "0-1"]
[WhiteElo "2088"]
[BlackElo "2270"]
[PlyCount "100"]
[EventDate "2013.??.??"]

1. d4 Nf6 2. Nf3 g6 3. Nbd2 Bg7 4. e4 O-O 5. Bd3 d6 6. O-O Nbd7 7. c3 Nh5 8.
Nc4 e5 9. dxe5 dxe5 10. Bg5 Qe8 11. Re1 Nc5 12. Bf1 h6 13. Bc1 Bg4 14. b4 Rd8
15. Qc2 Qa4 16. Qb1 Nd7 17. Qb3 Qxb3 18. axb3 a6 19. Ne3 Be6 20. Bc4 Bxc4 21.
Nxc4 f5 22. Bb2 Nf4 23. exf5 Nd3 24. Re2 gxf5 25. Rd1 b5 26. Na3 e4 27. Nd4 Nf4
28. Red2 Ne5 29. Kf1 Ned3 30. Ra1 Bxd4 31. cxd4 Nxb4 32. Nc2 Nbd5 33. g3 Ne6
34. Ne3 f4 35. Nxd5 Rxd5 36. Re2 fxg3 37. hxg3 Ng5 38. Rc1 Rf7 39. Kg2 Rdf5 40.
Ba3 Rf3 41. Rc6 Kh7 42. Bc1 Rxb3 43. Rxa6 Rd3 44. Rb2 Nf3 45. Rxh6+ Kg7 46. Rh1
Nxd4 47. Bh6+ Kg6 48. Be3 Nf5 49. Bf4 c6 50. Rc2 Rf6 0-1

[Event "Mistrzostwa Malopolski A"]
[Site "Krakow, Hotel Europejski"]
[Date "2013.??.??"]
[Round "2.4"]
[White "Knapik, Lucjan"]
[Black "Tyukhanov, Alexey"]
[Result "0-1"]
[WhiteElo "1889"]
[BlackElo "2237"]
[PlyCount "112"]
[EventDate "2013.??.??"]

1. e4 c6 2. d4 d5 3. exd5 cxd5 4. c3 Nf6 5. Bd3 g6 6. Qc2 Bg7 7. Nf3 Nc6 8. O-O
Bg4 9. Ne5 Nxe5 10. dxe5 Nd7 11. f4 Nc5 12. Bb5+ Bd7 13. Bxd7+ Qxd7 14. Be3 Rc8
15. Rd1 e6 16. Nd2 O-O 17. Nf3 Qa4 18. Qxa4 Nxa4 19. Rab1 a6 20. Rd4 b5 21. Rd2
Rc7 22. Re2 Rfc8 23. Kf2 Bf8 24. Bd4 b4 25. cxb4 Bxb4 26. a3 Bc5 27. Ke3 Rb8
28. Bxc5 Rb3+ 29. Kf2 Rxc5 30. Nd4 Rd3 31. Nc2 a5 32. Ne3 Rb3 33. Nd1 Rc4 34.
g3 Nc5 35. Ne3 Nd3+ 36. Kf1 Rc7 37. Nd1 h6 38. Nf2 a4 39. Rd2 Nxf2 40. Kxf2 Rc4
41. Re1 g5 42. fxg5 hxg5 43. Kg2 Kg7 44. Rf2 Rc7 45. Ree2 Rcb7 46. Kh3 d4 47.
Kg4 d3 48. Rd2 R7b5 49. Kxg5 Rxe5+ 50. Kf4 Re1 51. Kg4 e5 52. Rf5 f6 53. Rdf2
Rb6 54. Rd2 e4 55. Rf4 Rd6 56. Kf5 e3 0-1

[Event "Mistrzostwa Malopolski A"]
[Site "Krakow, Hotel Europejski"]
[Date "2013.??.??"]
[Round "2.5"]
[White "Jakubiec, Edyta"]
[Black "Gora, Jan"]
[Result "1/2-1/2"]
[WhiteElo "2237"]
[BlackElo "1958"]
[PlyCount "88"]
[EventDate "2013.??.??"]

1. d4 d5 2. c4 e6 3. Nc3 c6 4. e3 Bd6 5. Nf3 f5 6. Ne5 Nf6 7. Be2 O-O 8. O-O
Nbd7 9. f4 Ne4 10. Nxe4 fxe4 11. Bd2 Nxe5 12. fxe5 Be7 13. b4 Bd7 14. Qb3 b5
15. c5 a6 16. a4 Rxf1+ 17. Bxf1 Qc8 18. Ra3 Rb8 19. Qa2 Bd8 20. axb5 axb5 21.
Be2 Bg5 22. Bg4 Qe8 23. Ra7 Qf7 24. Qa1 Rf8 25. Qe1 Bh4 26. g3 Bg5 27. Qe2 Rc8
28. Qf1 Qxf1+ 29. Kxf1 Rd8 30. Rxd7 Rxd7 31. Bxe6+ Rf7+ 32. Ke2 Kf8 33. Bxf7
Kxf7 34. Be1 Be7 35. h4 g5 36. hxg5 Bxg5 37. Bf2 Ke6 38. g4 h6 39. Bg3 Kf7 40.
Kf2 Ke6 41. Bf4 Kf7 42. Ke2 Ke6 43. Kf2 Kf7 44. Ke2 Ke6 1/2-1/2

[Event "Mistrzostwa Malopolski A"]
[Site "Krakow, Hotel Europejski"]
[Date "2013.??.??"]
[Round "2.6"]
[White "Shilov, Sergej"]
[Black "Lis, Mateusz"]
[Result "1-0"]
[WhiteElo "2217"]
[BlackElo "1687"]
[PlyCount "71"]
[EventDate "2013.??.??"]

1. d4 Nf6 2. c4 g6 3. Nc3 Bg7 4. e4 d6 5. h3 Nbd7 6. Be3 c5 7. e5 dxe5 8. dxe5
Nxe5 9. Qxd8+ Kxd8 10. Rd1+ Ned7 11. Bxc5 Re8 12. Nf3 b6 13. Ba3 Bb7 14. Ne5
Kc8 15. Nxf7 h6 16. Nd5 Nxd5 17. cxd5 a5 18. Bd3 b5 19. Bxb5 Rf8 20. Rc1+ Kb8
21. Bxd7 Bxd5 22. Nd6 exd6 23. Bxd6+ Kb7 24. Bxf8 Rxf8 25. O-O Rd8 26. Bg4 Bxa2
27. Ra1 Bc4 28. Rfc1 Bb5 29. Rxa5 Kb6 30. Rca1 Rd2 31. Ra8 Bxb2 32. Rd1 Rxd1+
33. Bxd1 Bd3 34. Bf3 Be5 35. Re8 Bc7 36. Be4 1-0

[Event "Mistrzostwa Malopolski A"]
[Site "Krakow, Hotel Europejski"]
[Date "2013.??.??"]
[Round "2.7"]
[White "Molenda, Marcin"]
[Black "Szuper, Paul"]
[Result "1/2-1/2"]
[WhiteElo "1823"]
[BlackElo "2188"]
[PlyCount "102"]
[EventDate "2013.??.??"]

1. d4 e6 2. e4 b6 3. f4 Bb7 4. Bd3 f5 5. exf5 Bxg2 6. Qh5+ g6 7. fxg6 Bg7 8.
gxh7+ Kf8 9. Nh3 Nf6 10. Qh4 Bxh1 11. Bd2 Nc6 12. Ng5 Nxd4 13. Nc3 Nf3+ 14.
Nxf3 Bxf3 15. Qg3 Bh5 16. Qh3 Qe8 17. Nb5 Nd5 18. c4 c6 19. cxd5 Qe7 20. Qxh5
cxb5 21. dxe6 Qxe6+ 22. Kf1 a5 23. Re1 Qd6 24. Qf5+ Qf6 25. Qe4 Rd8 26. Qd5 Qc6
27. Qf5+ Qf6 28. Qd5 Qc6 29. Qf5+ Qf6 30. Qd5 Rc8 31. Qe4 Qf7 32. Qb7 Re8 33.
Rxe8+ Kxe8 34. Qxb6 Qd5 35. Qg6+ Qf7 36. Qd6 Bf6 37. Bxa5 Qe7 38. Qd5 Qe6 39.
Qh5+ Kf8 40. Bb4+ Be7 41. Bc3 Bf6 42. Qh6+ Ke7 43. Bxf6+ Qxf6 44. Qxf6+ Kxf6
45. Ke2 b4 46. Kd2 Kg7 47. Kc2 Rf8 48. h4 Rxf4 49. h5 Rh4 50. Bg6 Rh2+ 51. Kb3
d6 1/2-1/2

[Event "Mistrzostwa Malopolski A"]
[Site "Krakow, Hotel Europejski"]
[Date "2013.??.??"]
[Round "2.8"]
[White "Mucha, Roman"]
[Black "Watorek, Marcin"]
[Result "1/2-1/2"]
[WhiteElo "2177"]
[BlackElo "2109"]
[PlyCount "59"]
[EventDate "2013.??.??"]

1. d4 d5 2. c4 c6 3. Nf3 Nf6 4. e3 Bf5 5. cxd5 cxd5 6. Qb3 Qc7 7. Bb5+ Nc6 8.
Bd2 e6 9. Bb4 Bd6 10. Qa3 Ne4 11. Nbd2 O-O 12. Bxd6 Nxd6 13. Be2 Ne4 14. O-O
Nxd2 15. Nxd2 Qb6 16. Rac1 Rac8 17. Rc5 Qb4 18. Qxb4 Nxb4 19. a3 Nd3 20. Bxd3
Rxc5 21. dxc5 Bxd3 22. Rc1 Rc8 23. a4 e5 24. Rc3 Bf5 25. b4 Kf8 26. Nb3 Ke7 27.
f4 f6 28. b5 b6 29. c6 Kd6 30. Kf2 1/2-1/2

[Event "Mistrzostwa Malopolski A"]
[Site "Krakow, Hotel Europejski"]
[Date "2013.??.??"]
[Round "2.9"]
[White "Ociepka, Tomasz"]
[Black "Zaboklicki, Zbigniew"]
[Result "1-0"]
[WhiteElo "1812"]
[BlackElo "1835"]
[PlyCount "79"]
[EventDate "2013.??.??"]

1. e4 c5 2. Nf3 Nc6 3. d4 cxd4 4. Nxd4 Nf6 5. Nc3 e5 6. Ndb5 d6 7. Bg5 a6 8.
Na3 Be6 9. Nc4 Rc8 10. Ne3 h6 11. Bxf6 Qxf6 12. Ncd5 Qd8 13. Bd3 Ne7 14. O-O
Ng6 15. Nf5 Bxd5 16. exd5 Nf4 17. Be4 g6 18. Ne3 f5 19. g3 fxe4 20. gxf4 exf4
21. Qd4 Qg5+ 22. Ng2 Qe5 23. Qa4+ Kf7 24. Rae1 Re8 25. f3 Qxd5 26. Rxe4 Rxe4
27. fxe4 Qc5+ 28. Kh1 g5 29. Qd7+ Kg8 30. Nxf4 Qe5 31. Ng2 Bg7 32. Qxb7 Kh7 33.
c3 Re8 34. Rf7 Rg8 35. Ne3 Re8 36. Nf5 Qxe4+ 37. Qxe4 Rxe4 38. Rxg7+ Kh8 39.
Rb7 h5 40. Nxd6 1-0

[Event "Mistrzostwa Malopolski A"]
[Site "Krakow, Hotel Europejski"]
[Date "2013.??.??"]
[Round "2.10"]
[White "Barski, Radoslaw"]
[Black "Knapik, Andrzej"]
[Result "1-0"]
[WhiteElo "2238"]
[BlackElo "1930"]
[PlyCount "63"]
[EventDate "2013.??.??"]

1. e4 e6 2. d4 d5 3. Nd2 dxe4 4. Nxe4 Nd7 5. Nf3 Ngf6 6. Bg5 Be7 7. Nxf6+ Nxf6
8. Bd3 h6 9. Bd2 b6 10. Qe2 Bb7 11. Bb5+ c6 12. Bd3 O-O 13. O-O-O b5 14. Kb1 b4
15. Ne5 Qa5 16. g4 c5 17. Rhg1 Bd5 18. b3 Nh7 19. f4 f6 20. Ng6 Rfe8 21. Nxe7+
Rxe7 22. g5 hxg5 23. fxg5 f5 24. Bxf5 Nf8 25. dxc5 Qxc5 26. Bd3 a5 27. Be3 Qc6
28. Rgf1 Rb7 29. Bd4 a4 30. g6 Qc7 31. Rf7 Qc6 32. Qe5 1-0

[Event "Mistrzostwa Malopolski A"]
[Site "Krakow, Hotel Europejski"]
[Date "2013.??.??"]
[Round "2.11"]
[White "Chmiel, Marcin"]
[Black "Gbyl, Andrzej"]
[Result "1-0"]
[WhiteElo "1956"]
[BlackElo "2225"]
[PlyCount "79"]
[EventDate "2013.??.??"]

1. d4 Nf6 2. c4 c5 3. d5 b5 4. cxb5 a6 5. e3 g6 6. Nc3 Bg7 7. Nf3 O-O 8. e4 d6
9. a4 axb5 10. Bxb5 Ba6 11. Bd2 Bxb5 12. axb5 Nbd7 13. O-O Qb6 14. Qe2 Rfb8 15.
Ra3 Rxa3 16. bxa3 Ra8 17. e5 dxe5 18. Nxe5 Nxe5 19. Qxe5 Qd6 20. Qxd6 exd6 21.
a4 Nd7 22. Ra1 Nb6 23. a5 Nc4 24. a6 Bf6 25. Be1 Nb6 26. Na4 Nd7 27. Bc3 Bd8
28. Nb2 Nb6 29. Ba5 Nxd5 30. Bxd8 Rxd8 31. a7 Nb6 32. Nc4 Nxc4 33. a8=Q Rxa8
34. Rxa8+ Kg7 35. Ra6 Kf6 36. b6 Nxb6 37. Rxb6 Ke5 38. f4+ Kd5 39. Kf2 c4 40.
Ke3 1-0

[Event "Mistrzostwa Malopolski A"]
[Site "Krakow, Hotel Europejski"]
[Date "2013.??.??"]
[Round "2.12"]
[White "Kyc, Jerzy"]
[Black "Foglia, Maurizio"]
[Result "1-0"]
[WhiteElo "1880"]
[BlackElo "2144"]
[PlyCount "59"]
[EventDate "2013.??.??"]

1. e4 c5 2. Nf3 e6 3. d4 cxd4 4. Nxd4 a6 5. Bd3 Bc5 6. Nb3 Be7 7. Qg4 g6 8. O-O
d6 9. Bd2 Nd7 10. f4 Ngf6 11. Qe2 Qc7 12. c4 b6 13. Nc3 Bb7 14. Rae1 Nc5 15.
Nd4 Nxd3 16. Qxd3 Rd8 17. Kh1 Nd7 18. b3 Bf6 19. f5 Ne5 20. Qh3 exf5 21. exf5
Qe7 22. Nd5 Bxd5 23. cxd5 Rd7 24. Nc6 Qf8 25. Bh6 Bg7 26. Bxg7 Qxg7 27. f6 Qf8
28. Qe3 Rb7 29. Rc1 Kd7 30. Qh3+ 1-0

[Event "Mistrzostwa Malopolski A"]
[Site "Krakow, Hotel Europejski"]
[Date "2013.??.??"]
[Round "2.13"]
[White "Gawronski, Lukasz"]
[Black "Zadlo, Maciej"]
[Result "1-0"]
[WhiteElo "2063"]
[BlackElo "1814"]
[PlyCount "107"]
[EventDate "2013.??.??"]

1. d4 d5 2. Nf3 Nf6 3. Bg5 Ne4 4. Bf4 c5 5. c3 Qb6 6. Qb3 c4 7. Qxb6 axb6 8.
Nbd2 Nxd2 9. Nxd2 Bf5 10. e4 Bxe4 11. Nxe4 dxe4 12. Bxc4 e6 13. O-O Nc6 14.
Rfe1 O-O-O 15. Rxe4 Bd6 16. Bxd6 Rxd6 17. Rae1 Kc7 18. f4 Ne7 19. Kf2 Rhd8 20.
g4 g6 21. Re5 Rh8 22. Kg3 h5 23. h3 hxg4 24. hxg4 Rh6 25. R5e2 Rd8 26. Rh2 Rxh2
27. Kxh2 Rh8+ 28. Kg3 Kd6 29. Bd3 Re8 30. a3 Rh8 31. Be4 Nc6 32. Re2 Rg8 33.
Rh2 Rf8 34. Kf3 f5 35. Bxc6 bxc6 36. g5 Rf7 37. Rh6 Rg7 38. Ke3 c5 39. Rh8 Kc6
40. c4 Kd6 41. Kd3 Kc6 42. Kc3 Kd6 43. Rb8 Kc7 44. Rf8 Kd6 45. Rf6 Rh7 46. d5
Rh3+ 47. Kc2 Rh2+ 48. Kb3 Rf2 49. Rxe6+ Kc7 50. Rxg6 Rxf4 51. Rf6 Rf2 52. g6
Rg2 53. Rxf5 Rxg6 54. Ka4 1-0

[Event "Mistrzostwa Malopolski A"]
[Site "Krakow, Hotel Europejski"]
[Date "2013.??.??"]
[Round "2.14"]
[White "Blasiak, Miroslaw"]
[Black "Zajac, Mateusz"]
[Result "0-1"]
[WhiteElo "1879"]
[BlackElo "2060"]
[PlyCount "54"]
[EventDate "2013.??.??"]

1. e4 c5 2. Nf3 d6 3. d4 cxd4 4. Nxd4 Nf6 5. Nc3 a6 6. Bg5 e6 7. f4 Qc7 8. Qf3
b5 9. Bxf6 gxf6 10. e5 d5 11. O-O-O fxe5 12. fxe5 b4 13. Nxd5 exd5 14. Qxd5 Bb7
15. Ne6 Qc8 16. Qd3 fxe6 17. Be2 Nd7 18. Bh5+ Kd8 19. Rhf1 Bd5 20. Qg3 Qc6 21.
Bf3 Rc8 22. Rf2 Nb6 23. Qg5+ Kc7 24. Bxd5 Nxd5 25. Rf7+ Kb8 26. Rd2 h5 27. Qg6
Bh6 0-1